Cinco modelos de crecimiento económico
Uloženo v:
| Hlavní autoři: | , |
|---|---|
| Médium: | Kniha |
| Jazyk: | španělština |
| Vydáno: |
Santiago
CEPAL-ILPES
1968
|
| Edice: | Cuadernos del Instituto Latinoamericano de Planificación Económica y Social. Serie I, 3. Apuntes de Clase
|
| Témata: | |
| Tagy: |
Přidat tag
Žádné tagy, Buďte první, kdo vytvoří štítek k tomuto záznamu!
|
MARC
| LEADER | 00000nam a2200000 a 4500 | ||
|---|---|---|---|
| 001 | UCQ0915 | ||
| 003 | CL-VaPUC | ||
| 008 | 980703e19680000CL |||||||||||||||||spa|d | ||
| 082 | 0 | 4 | |a 338.9 |b PAZ |2 21 |
| 100 | |a Paz, Pedro |e autor |9 573892 | ||
| 700 | 0 | |a Rodríguez, Octavio |e author |9 414358 | |
| 245 | 1 | 0 | |a Cinco modelos de crecimiento económico |
| 300 | |a 123 p | ||
| 942 | |c BK | ||
| 945 | |d 19980703 00:00:00 |a crobeson | ||
| 260 | |a Santiago |b CEPAL-ILPES |c 1968 | ||
| 650 | 0 | |a Desarrollo económico y social |9 256320 | |
| 650 | 0 | |a Crecimiento económico |9 314037 | |
| 650 | 0 | |a Modelos económicos |9 324997 | |
| 650 | 0 | |a Teoría económica |9 315055 | |
| 583 | |a last modification |c 19980703 00:00:00 |k Rodrigo Vera | ||
| 490 | 0 | |a Cuadernos del Instituto Latinoamericano de Planificación Económica y Social. Serie I, 3. Apuntes de Clase | |
| 999 | |c 271942 |d 271940 | ||
| 952 | |0 0 |1 0 |4 0 |6 338_900000000000000_PAZ_1968 |7 0 |8 A |9 306746 |a BIBENE |b BIBENE |d 2019-11-20 |i 1429663 |o 338.9 PAZ 1968 |p 1429663 |r 2025-01-15 |w 2019-11-20 |y BK |k ICO | ||